[Event "ch-CHI 2017"]
[Site "masterchessopen.com Santiago CHI"]
[Date "2017.02.22"]
[Round "4.5"]
[White "Vergara Jofre,Felipe"]
[Black "Henriquez Villagra,C"]
[Result "0-1"]
[WhiteElo "2309"]
[BlackElo "2538"]

1.e4 c5 2.Nf3 d6 3.d4 cxd4 4.Nxd4 Nf6 5.Nc3 Nc6 6.Be2 e5 7.Nf3 h6 8.O-O Be7
9.Re1 O-O 10.h3 Be6 11.Bf1 a6 12.Nd5 Bxd5 13.exd5 Nb8 14.Nh4 Re8 15.Nf5 Bf8
16.c4 a5 17.Bd3 e4 18.Bc2 Qc8 19.Ne3 Nbd7 20.b3 g6 21.Bb2 Bg7 22.f3 exf3
23.Qxf3 Qc5 24.Rab1 Re7 25.Kh1 Rae8 26.Bc1 Ne5 27.Qg3 Nh5 28.Qf2 f5 29.Bd2 f4
30.Ng4 Ng3+ 31.Kg1 Nf3+ 32.gxf3 Bd4 33.Nf6+ Kf7 {#R} 0-1

[Event "PRO League Group Stage"]
[Site "masterchessopen.com chess.com INT"]
[Date "2017.02.22"]
[Round "7"]
[White "Haining,Kyle"]
[Black "Altounian,L"]
[Result "0-1"]
[WhiteElo "2195"]
[BlackElo "2443"]

1.e4 d6 2.d4 Nf6 3.Nc3 c6 4.g3 e5 5.Bg2 Be7 6.Nge2 O-O 7.O-O b5 8.a3 a5 9.h3
Ba6 10.Be3 Nbd7 11.f4 b4 12.axb4 axb4 13.Na4 exf4 14.Rxf4 Nh5 15.Rf3 Bg5 16.g4
Bxe3+ 17.Rxe3 Qg5 18.Qc1 Bxe2 19.Rxe2 Nf4 20.Re1 Rxa4 21.Rb1 h6 22.b3 Ra2
23.Ra1 Rfa8 24.Rxa2 Rxa2 25.Qb1 Ra5 26.e5 {#R} 0-1

[Event "PRO League Group Stage"]
[Site "masterchessopen.com chess.com INT"]
[Date "2017.02.22"]
[Round "7"]
[White "Kunte,A"]
[Black "Yatzenko,A"]
[Result "1-0"]
[WhiteElo "2491"]
[BlackElo "2361"]

1.Nf3 Nf6 2.g3 d5 3.Bg2 e6 4.O-O Be7 5.c4 O-O 6.d4 dxc4 7.Qc2 a6 8.a4 Bd7
9.Rd1 Bc6 10.Nc3 Bb4 11.Bg5 h6 12.Bxf6 Qxf6 13.e4 Bxc3 14.bxc3 b5 15.Ne5 Bb7
16.Qb2 c6 17.Nxc4 Qe7 18.Ne5 Nd7 19.Nd3 e5 20.Qa3 Qxa3 21.Rxa3 Rad8 22.axb5
cxb5 23.Nb4 Nc5 24.d5 Rd6 25.Rb1 Rc8 26.f3 Na4 27.Na2 Rc7 28.Bf1 f5 29.c4 fxe4
30.cxb5 axb5 31.fxe4 Nc5 32.Nc3 Rf7 33.Rxb5 Ba6 34.Rb8+ Kh7 35.Bxa6 Nxa6
36.Rc8 Nb4 37.Nd1 Rdf6 38.Ne3 Rf2 39.Nf5 Rd2 40.d6 Rd7 41.Raa8 Kg6 42.Rd8 Rb7
43.Rdb8 Rxb8 44.Rxb8 Na6 45.Rc8 Kf6 46.d7 Rxd7 47.Rc6+ {#r} 1-0

[Event "PRO League Group Stage"]
[Site "masterchessopen.com chess.com INT"]
[Date "2017.02.22"]
[Round "7"]
[White "Aleskerov,F"]
[Black "So,W"]
[Result "0-1"]
[WhiteElo "2315"]
[BlackElo "2808"]

1.e4 e5 2.Nf3 Nc6 3.g3 Nf6 4.Nc3 Bc5 5.Bg2 d6 6.h3 a5 7.O-O Nd4 8.Nxd4 Bxd4
9.Ne2 Bb6 10.d4 O-O 11.Kh2 Re8 12.dxe5 Rxe5 13.Qd3 Bd7 14.Nf4 Qe8 15.f3 d5
16.Nxd5 Nxd5 17.exd5 Bf5 18.Qc4 Re2 19.c3 Bd7 20.a4 Qe7 21.b4 axb4 22.cxb4
Rxa4 23.Rxa4 Bxa4 24.b5 Bb3 25.Qd3 Bxd5 26.Ba3 Qe6 27.Rd1 c6 28.bxc6 Bxc6
29.h4 h6 30.Bb4 Re3 31.Qd2 Bxf3 32.Re1 Rxe1 33.Qxe1 Qxe1 34.Bxe1 Bxg2 35.Kxg2
f5 36.g4 fxg4 37.Kg3 h5 38.Kf4 Bd8 {#R} 0-1

[Event "PRO League Group Stage"]
[Site "masterchessopen.com chess.com INT"]
[Date "2017.02.22"]
[Round "7"]
[White "Lenderman,A"]
[Black "Leskovar,Mar"]
[Result "1-0"]
[WhiteElo "2573"]
[BlackElo "2292"]

1.d4 g6 2.c4 Bg7 3.Nf3 d6 4.Nc3 c5 5.dxc5 Bxc3+ 6.bxc3 dxc5 7.Qxd8+ Kxd8 8.Ne5
Be6 9.g3 Nd7 10.Nxd7 Kxd7 11.Bg2 Bxc4 12.Rb1 Ba6 13.Be3 Nf6 14.Bxb7 Bxb7
15.Rxb7+ Kd6 16.O-O Nd5 17.c4 Kc6 18.Rfb1 Nxe3 19.fxe3 Rhe8 20.a4 f5 21.a5 h5
22.Kf2 g5 23.e4 f4 24.gxf4 gxf4 25.e5 h4 26.h3 Rad8 27.Rxa7 Rb8 28.Ra6+ Kc7
29.Rb5 Kd7 30.e6+ {#r} 1-0

[Event "PRO League Group Stage"]
[Site "masterchessopen.com chess.com INT"]
[Date "2017.02.22"]
[Round "7"]
[White "Lenderman,A"]
[Black "Garcia Cardenas,P"]
[Result "1-0"]
[WhiteElo "2573"]
[BlackElo "2424"]

1.d4 Nf6 2.c4 e6 3.g3 d5 4.Nf3 Bb4+ 5.Bd2 Be7 6.Bg2 O-O 7.O-O c6 8.Qc2 b6
9.Rd1 Bb7 10.Bf4 Nbd7 11.Ne5 Nh5 12.Bd2 Nhf6 13.cxd5 cxd5 14.Nc6 Qe8 15.Nxe7+
Qxe7 16.Nc3 Rfc8 17.Rac1 b5 18.Qd3 b4 19.Na4 a5 20.b3 Qd8 21.Be3 Ne4 22.Bxe4
dxe4 23.Qd2 Rxc1 24.Rxc1 Rc8 25.Nb2 Nb6 26.Bf4 Ba6 27.Rxc8 Qxc8 28.Nd1 Nd5
29.Bd6 Nc3 30.Nxc3 bxc3 31.Qc2 Bxe2 32.Qxe2 c2 33.Bf4 c1=Q+ 34.Bxc1 Qxc1+
35.Kg2 Qb1 36.Qb5 h6 37.Qxa5 Qd3 38.Qe1 Qxd4 39.a4 Qb6 40.Qxe4 Qxb3 41.a5 Qb5
42.Qa8+ Kh7 43.a6 f5 44.Qb7 {#r} 1-0

[Event "PRO League Group Stage"]
[Site "masterchessopen.com chess.com INT"]
[Date "2017.02.22"]
[Round "7"]
[White "Colovic,A"]
[Black "Reimanis,R"]
[Result "1-0"]
[WhiteElo "2443"]
[BlackElo "2264"]

1.e4 e6 2.d4 d5 3.Nd2 c6 4.Ngf3 f5 5.exf5 exf5 6.Bd3 Nf6 7.O-O Bd6 8.Re1+ Ne4
9.Bxe4 fxe4 10.Nxe4 dxe4 11.Rxe4+ Kd7 12.Ne5+ Bxe5 13.Rxe5 Kc7 14.Bf4 Kb6
15.Qd2 a5 16.b4 Nd7 17.bxa5+ Ka7 18.Re3 Nf6 19.c4 Rf8 20.Rb1 Ng4 21.Reb3 c5
22.d5 Qf6 23.Bc7 Nxf2 24.Rf3 Nh3+ 25.Kh1 Qg6 26.Qb2 Rxf3 27.Bb6+ {#r} 1-0

[Event "PRO League Group Stage"]
[Site "masterchessopen.com chess.com INT"]
[Date "2017.02.22"]
[Round "7"]
[White "Ghasi,A"]
[Black "Warmerdam,Max"]
[Result "1-0"]
[WhiteElo "2455"]
[BlackElo "2350"]

1.Nf3 Nf6 2.g3 g6 3.Bg2 Bg7 4.O-O O-O 5.d4 d6 6.c4 Nc6 7.Nc3 a6 8.h3 Rb8 9.e4
b5 10.cxb5 axb5 11.Re1 e5 12.dxe5 Nxe5 13.Nxe5 dxe5 14.Be3 c6 15.Qc2 Qa5 16.a4
b4 17.Nb1 Be6 18.Nd2 b3 19.Qc5 Qxc5 20.Bxc5 Rfd8 21.Be3 Nd7 22.Rec1 c5 23.a5
Bf8 24.Bf1 Rb4 25.Nc4 Ra8 26.Bd2 Rbb8 27.Bc3 f6 28.Rd1 Ra7 29.Rd2 Rc8 30.Rad1
Nb8 31.Nb6 Rcc7 32.Nd5 Bxd5 33.exd5 Bd6 34.Bc4 Rcb7 35.Re2 Na6 36.f4 Re7
37.fxe5 fxe5 38.Bxb3 Nb4 39.Ra1 e4 40.Bc4 Nd3 41.Kg2 Ne5 42.Ba2 Nf3 43.Bb1 Nd4
44.Rxe4 Rxe4 45.Bxe4 Nb5 46.Bd2 c4 47.Ra4 Re7 48.Rxc4 {#r} 1-0

[Event "PRO League Group Stage"]
[Site "masterchessopen.com chess.com INT"]
[Date "2017.02.22"]
[Round "7"]
[White "Pon,M"]
[Black "Eleup,Magzhan"]
[Result "1-0"]
[WhiteElo "2165"]
[BlackElo "2107"]

1.e4 e5 2.Nf3 Nc6 3.Bb5 a6 4.Ba4 Nf6 5.O-O Be7 6.Re1 b5 7.Bb3 O-O 8.h3 d6 9.c3
Nb8 10.d3 Nbd7 11.Nbd2 Bb7 12.Nf1 h6 13.Ng3 Re8 14.Nf5 Bf8 15.Nh2 d5 16.exd5
Bxd5 17.Bxd5 Nxd5 18.Qg4 Kh7 19.Nxh6 gxh6 20.Qe4+ Kg8 21.Qxd5 Nf6 22.Qf3 Qd6
23.Nf1 Rad8 24.Ng3 Nh7 25.Nf5 Qg6 26.h4 Nf6 27.a4 Ng4 28.Re4 Nf6 29.Re1 Ng4
30.axb5 axb5 31.Re4 h5 32.Bg5 f6 33.Bd2 Bc5 34.d4 exd4 35.cxd4 {#r} 1-0

[Event "PRO League Group Stage"]
[Site "masterchessopen.com chess.com INT"]
[Date "2017.02.22"]
[Round "7"]
[White "Szabo,G ROM"]
[Black "Pichot,A"]
[Result "1-0"]
[WhiteElo "2549"]
[BlackElo "2548"]

1.e4 c5 2.c3 Nf6 3.e5 Nd5 4.d4 cxd4 5.Nf3 Nc6 6.Bc4 e6 7.cxd4 d6 8.O-O Be7
9.Qe2 O-O 10.Nc3 dxe5 11.dxe5 Nxc3 12.bxc3 Qc7 13.Qe4 b6 14.Bg5 Nxe5 15.Bxe7
Nxc4 16.Qxa8 Qxe7 17.Qe4 Qc7 18.Ng5 g6 19.Qh4 f6 20.Nxh7 g5 21.Nxf6+ Rxf6
22.Qxg5+ Qg7 23.Qxg7+ Kxg7 24.Rfd1 Rf7 25.Rd4 Rc7 26.Rad1 Nb2 27.R1d2 Rxc3
28.h4 Nc4 29.Rg4+ Kf7 30.Rd8 Ne5 31.Rgg8 Bb7 32.h5 Rc1+ 33.Kh2 Rc4 34.f4 {#r}
1-0

[Event "PRO League Group Stage"]
[Site "masterchessopen.com chess.com INT"]
[Date "2017.02.22"]
[Round "7"]
[White "Ostrovskiy,And"]
[Black "He,Anthony B"]
[Result "1-0"]
[WhiteElo "2444"]
[BlackElo "2183"]

1.e4 c5 2.Nf3 Nc6 3.d4 cxd4 4.Nxd4 Nf6 5.Nc3 d6 6.Bc4 Bd7 7.O-O g6 8.Bg5 Bg7
9.Nd5 Nxd5 10.Nxc6 bxc6 11.exd5 O-O 12.Re1 Re8 13.c3 Rb8 14.Bb3 cxd5 15.Qxd5
Be6 16.Rxe6 fxe6 17.Qxe6+ Kh8 18.h4 Qc8 19.Qe2 e5 20.Rd1 Qf5 21.Rxd6 e4 22.Qd1
Rf8 23.Be3 Bf6 24.g4 Qe5 25.Rxf6 Rxf6 26.Bd4 Qf4 27.g5 Kg7 28.gxf6+ Kf8
29.Bc5+ Ke8 30.f7+ Qxf7 {#r} 1-0

[Event "PRO League Group Stage"]
[Site "masterchessopen.com chess.com INT"]
[Date "2017.02.22"]
[Round "7"]
[White "Stukopin,A"]
[Black "Durarbayli,V"]
[Result "1-0"]
[WhiteElo "2586"]
[BlackElo "2616"]

1.e4 e5 2.Nf3 Nc6 3.Bc4 Bc5 4.O-O Nf6 5.d3 d6 6.c3 a6 7.Bb3 O-O 8.Nbd2 Re8
9.Re1 h6 10.Nf1 d5 11.exd5 Nxd5 12.d4 Bb6 13.dxe5 Be6 14.Ng3 Nce7 15.Nd4 Bxd4
16.Qxd4 Ng6 17.Bc2 Qe7 18.f4 c5 19.Qe4 Nb6 20.Nf5 Bxf5 21.Qxf5 Nc4 22.b3 Nd6
23.Qg4 Nb5 24.Bxg6 fxg6 25.Qxg6 Nxc3 26.f5 Qh4 27.Bb2 Nd5 28.g3 Qe7 29.e6 Rf8
30.Rad1 Nf6 31.Rd2 c4 32.bxc4 b5 33.Red1 Qc5+ 34.Bd4 Qxc4 35.e7 Rf7 36.Bxf6
Qc5+ 37.Kg2 Qc6+ 38.Kh3 Re8 39.Rd8 {#r} 1-0

[Event "PRO League Group Stage"]
[Site "masterchessopen.com chess.com INT"]
[Date "2017.02.22"]
[Round "7"]
[White "Aradhya,Garg"]
[Black "Mihok,O"]
[Result "0-1"]
[WhiteElo "2230"]
[BlackElo "2505"]

1.e4 c5 2.Nf3 e6 3.Nc3 Nc6 4.Be2 a6 5.O-O Qc7 6.d4 cxd4 7.Nxd4 Nf6 8.a3 Nxd4
9.Qxd4 Bd6 10.g3 Be5 11.Qd3 b5 12.Bd2 Bb7 13.Bf3 h5 14.Bg2 h4 15.f4 Bd6
16.gxh4 Bc5+ 17.Kh1 Rxh4 18.Be1 Rh6 19.Bg3 Nh5 20.Rad1 O-O-O 21.h3 g5 22.Qf3
f5 23.Bh2 g4 24.Qd3 gxh3 25.Bf3 Rg8 26.exf5 Ng3+ 27.Bxg3 Rxg3 28.fxe6 h2
29.Qxd7+ Qxd7 30.exd7+ Kd8 31.Ne4 Rg1+ {#R} 0-1

[Event "PRO League Group Stage"]
[Site "masterchessopen.com chess.com INT"]
[Date "2017.02.22"]
[Round "7"]
[White "Bacrot,E"]
[Black "Van Wely,L"]
[Result "1-0"]
[WhiteElo "2695"]
[BlackElo "2695"]

1.d4 Nf6 2.c4 e6 3.Nf3 Bb4+ 4.Bd2 a5 5.Nc3 d5 6.e3 O-O 7.Qc2 b6 8.cxd5 exd5
9.a3 Be7 10.Bd3 Re8 11.O-O Bf8 12.e4 dxe4 13.Nxe4 Nbd7 14.Neg5 Bd6 15.Bc4 Re7
16.Nxf7 Rxf7 17.Bxf7+ Kh8 18.Rfe1 Bb7 19.Ng5 Qf8 20.Be6 Bd5 21.Bxd5 {#r} 1-0

[Event "PRO League Group Stage"]
[Site "masterchessopen.com chess.com INT"]
[Date "2017.02.22"]
[Round "7"]
[White "Beletic,D"]
[Black "Mihajlov,Seb"]
[Result "0-1"]
[WhiteElo "2286"]
[BlackElo "2384"]

1.d4 Nf6 2.Nf3 g6 3.Nc3 d5 4.Bf4 Bg7 5.e3 O-O 6.Be2 c5 7.Ne5 Nc6 8.O-O cxd4
9.exd4 Bf5 10.Nxc6 bxc6 11.Be5 Bh6 12.Bxf6 exf6 13.Bg4 Bxg4 14.Qxg4 f5 15.Qd1
Bf4 16.Ne2 Bd6 17.Nc1 Qh4 18.g3 Qf6 19.c3 Rfe8 20.Nd3 f4 21.Kg2 h5 22.Qf3 Re4
23.Nc5 Bxc5 24.dxc5 Rae8 25.Rab1 Qg5 26.b4 fxg3 27.hxg3 Re2 28.a4 R8e3 29.Qf4
Qxf4 30.gxf4 Rxc3 31.Rfc1 Rcc2 32.Rxc2 Rxc2 33.Re1 Rc4 34.Re8+ Kg7 35.Ra8 Rxb4
36.Rxa7 Rxf4 37.Ra6 Rc4 38.Rxc6 Rxa4 39.Rd6 Rd4 40.Kf3 h4 41.c6 f5 42.Rd7+ Kf6
43.c7 Rc4 44.Rxd5 Rxc7 45.Rd4 Rc3+ 46.Kg2 Kg5 47.Ra4 Kh5 48.Rb4 g5 49.Rb5 Kg4
50.Rb4+ f4 {#R} 0-1

[Event "PRO League Group Stage"]
[Site "masterchessopen.com chess.com INT"]
[Date "2017.02.22"]
[Round "7"]
[White "Boros,De"]
[Black "Stukopin,A"]
[Result "1-0"]
[WhiteElo "2444"]
[BlackElo "2586"]

1.e4 c5 2.Nf3 e6 3.Be2 Nc6 4.O-O Nf6 5.Nc3 a6 6.d4 cxd4 7.Nxd4 Qc7 8.Be3 b5
9.Nxc6 dxc6 10.f4 Bb7 11.e5 Nd5 12.Nxd5 exd5 13.Bd3 c5 14.c3 Be7 15.a4 Qc6
16.Qe2 bxa4 17.f5 f6 18.Bc2 O-O 19.Bxa4 Qc7 20.Bf4 fxe5 21.Bxe5 Bd6 22.Bxd6
Qxd6 23.Qe6+ Qxe6 24.fxe6 Rfc8 25.e7 d4 26.Rae1 Re8 27.Bb3+ Kh8 28.Bf7 d3
29.Bxe8 {#r} 1-0

[Event "PRO League Group Stage"]
[Site "masterchessopen.com chess.com INT"]
[Date "2017.02.22"]
[Round "7"]
[White "Boros,De"]
[Black "Kambrath,Y"]
[Result "1-0"]
[WhiteElo "2444"]
[BlackElo "2358"]

1.e4 c5 2.Nf3 d6 3.Bb5+ Nd7 4.O-O a6 5.Bd3 Ngf6 6.Re1 e5 7.c3 g6 8.Bc2 Bg7
9.a4 O-O 10.d4 cxd4 11.cxd4 exd4 12.Nxd4 Re8 13.Nc3 Ne5 14.Bb3 Bd7 15.Bg5 h6
16.Bf4 Nh5 17.Bc1 Rc8 18.Nd5 Nc6 19.Nxc6 bxc6 20.Nc3 Be6 21.Bxe6 Rxe6 22.a5 d5
23.Bd2 dxe4 24.Nxe4 Bxb2 25.Rb1 Bg7 26.Nc5 Rxe1+ 27.Bxe1 Qe7 28.Bb4 Qh4 29.g3
Qc4 30.Qf1 Qxf1+ 31.Kxf1 Ra8 32.Ba3 Bf8 33.Rb6 Nf6 34.Rxc6 Ne4 35.Nxe4 Bxa3
36.Nf6+ Kg7 37.Nd5 Rd8 38.Nc7 Rd6 39.Ne8+ Kf8 40.Nxd6 Ke7 41.Nc4 {#r} 1-0

[Event "PRO League Group Stage"]
[Site "masterchessopen.com chess.com INT"]
[Date "2017.02.22"]
[Round "7"]
[White "Cheng,Bi"]
[Black "Villanueva,Mar"]
[Result "1-0"]
[WhiteElo "2397"]
[BlackElo "2425"]

1.Nf3 Nf6 2.c4 g6 3.Nc3 Bg7 4.e4 d6 5.d4 O-O 6.h3 Na6 7.Bg5 e5 8.d5 h6 9.Be3
Nc5 10.Nd2 a5 11.g4 c6 12.Be2 Bd7 13.h4 a4 14.g5 hxg5 15.hxg5 Nh7 16.Rg1 Re8
17.Ndb1 Bf8 18.Na3 Be7 19.Qd2 cxd5 20.cxd5 Rc8 21.Rg3 Kg7 22.Kf1 Rh8 23.Kg2
Nf8 24.f4 f6 25.Rf1 Rh4 26.Nc4 exf4 27.Rxf4 fxg5 28.Bd4+ Kg8 29.Rxh4 gxh4
30.Qh6 {#r} 1-0

[Event "PRO League Group Stage"]
[Site "masterchessopen.com chess.com INT"]
[Date "2017.02.22"]
[Round "7"]
[White "Giannatos,P"]
[Black "Barbosa,O PHI"]
[Result "1-0"]
[WhiteElo "2284"]
[BlackElo "2518"]

1.e4 c6 2.d4 d5 3.Nc3 dxe4 4.Nxe4 Nd7 5.Bd3 Ngf6 6.Ng5 e6 7.N1f3 Bd6 8.Qe2 h6
9.Ne4 Nxe4 10.Qxe4 Qc7 11.O-O b6 12.b3 Bb7 13.Qg4 g5 14.Bb2 O-O-O 15.Qh3 Rdg8
16.Ne5 Nxe5 17.dxe5 Bxe5 18.Bxe5 Qxe5 19.Rfe1 Qc7 20.a4 a5 21.c3 g4 22.Qe3 h5
23.b4 h4 24.bxa5 bxa5 25.Rab1 g3 26.fxg3 h3 27.Qa7 hxg2 28.Rxb7 {#r} 1-0

[Event "PRO League Group Stage"]
[Site "masterchessopen.com chess.com INT"]
[Date "2017.02.22"]
[Round "7"]
[White "Smith,Bry"]
[Black "Sturt,R"]
[Result "1-0"]
[WhiteElo "2423"]
[BlackElo "2431"]

1.e4 e5 2.Nf3 Nc6 3.Bc4 Nf6 4.d3 Be7 5.O-O d6 6.Re1 O-O 7.a4 Bg4 8.h3 Bh5 9.c3
d5 10.exd5 Nxd5 11.a5 Qd6 12.Nbd2 Rad8 13.Qb3 Nf4 14.Ne4 Nxh3+ 15.gxh3 Qg6+
16.Nfg5 h6 17.Bxf7+ Rxf7 18.Qxf7+ Qxf7 19.Nxf7 Kxf7 20.Re3 g5 21.f3 Bg6 22.Kg2
Rd5 23.b4 a6 24.Bd2 Rd7 25.Be1 Bf8 26.Bg3 Bf5 27.Rf1 Kg6 28.h4 Rd8 29.hxg5
hxg5 30.Rh1 Be7 31.Nf2 Bf6 32.Ng4 Rd5 33.Rh6+ Kg7 34.Nxf6 Rd6 35.Ng4 Rxh6
36.Bxe5+ Nxe5 37.Nxh6 Kf6 38.Ng8+ {#r} 1-0

[Event "PRO League Group Stage"]
[Site "masterchessopen.com chess.com INT"]
[Date "2017.02.22"]
[Round "7"]
[White "Mihajlov,Seb"]
[Black "Sebenik,M"]
[Result "0-1"]
[WhiteElo "2384"]
[BlackElo "2534"]

1.d4 Nf6 2.c4 g6 3.Nc3 Bg7 4.e4 d6 5.Nf3 O-O 6.Be2 Nbd7 7.O-O e5 8.Be3 c6 9.d5
c5 10.Ne1 Kh8 11.Nd3 Ng8 12.f4 exf4 13.Bxf4 Qe7 14.Nb5 Ne5 15.Nxe5 Bxe5 16.Qc2
a6 17.Nc3 Bd7 18.Bd3 Rae8 19.Rae1 Bxf4 20.Rxf4 f6 21.Qf2 g5 22.Rf3 Nh6 23.h3
g4 24.Rf4 gxh3 25.gxh3 Rg8+ 26.Kh2 Qe5 27.Rf1 Rg5 28.Be2 Reg8 29.Qh4 R8g6
30.Qf2 Rg7 31.Nd1 Ng8 32.h4 R5g6 33.b3 Ne7 34.h5 Rg5 35.Ne3 Ng8 36.Qf3 Nh6
37.Kh1 Rg3 {#R} 0-1

[Event "PRO League Group Stage"]
[Site "masterchessopen.com chess.com INT"]
[Date "2017.02.22"]
[Round "7"]
[White "Feng,Maggie"]
[Black "Guseinov,G"]
[Result "0-1"]
[WhiteElo "2164"]
[BlackElo "2643"]

1.Nf3 g6 2.g3 Bg7 3.d4 d6 4.Bg2 Nf6 5.O-O O-O 6.a4 a5 7.Nbd2 Nbd7 8.e4 e5
9.dxe5 Nxe5 10.Nxe5 dxe5 11.Nc4 Qxd1 12.Rxd1 Bg4 13.f3 Be6 14.Nxe5 Nxe4 15.Nd3
Nd6 16.f4 Rfe8 17.Nc5 Bg4 18.Rd2 Nc4 19.Rd3 Re1+ 20.Kf2 Re2+ 21.Kg1 Rae8 22.h3
Bf5 23.Rd5 Rxc2 24.Nb3 Rxg2+ 25.Kxg2 Be4+ 26.Kf2 Bxd5 {#R} 0-1

[Event "PRO League Group Stage"]
[Site "masterchessopen.com chess.com INT"]
[Date "2017.02.22"]
[Round "7"]
[White "Feng,Maggie"]
[Black "Corallo,M"]
[Result "0-1"]
[WhiteElo "2164"]
[BlackElo "2275"]

1.Nf3 c5 2.g3 g6 3.Bg2 Nc6 4.c4 Bg7 5.Nc3 d6 6.O-O Bf5 7.d3 Qd7 8.Re1 Bh3
9.Bh1 h5 10.e3 Bg4 11.Qc2 Nf6 12.h4 O-O 13.a3 Rab8 14.Rb1 a6 15.b4 cxb4
16.axb4 b5 17.c5 Bxf3 18.Bxf3 Ne5 19.Be2 Qh3 20.Ne4 Nfg4 21.Bxg4 hxg4 22.Ng5
Nf3+ 23.Nxf3 gxf3 24.Qd1 Qg2# 0-1

[Event "PRO League Group Stage"]
[Site "masterchessopen.com chess.com INT"]
[Date "2017.02.22"]
[Round "7"]
[White "Kleijn,C"]
[Black "Bacrot,E"]
[Result "0-1"]
[WhiteElo "2437"]
[BlackElo "2695"]

1.e4 c5 2.Nf3 Nc6 3.Nc3 d6 4.d4 cxd4 5.Nxd4 Nf6 6.Bg5 e6 7.Qd2 Be7 8.O-O-O a6
9.f3 Bd7 10.h4 b5 11.Nxc6 Bxc6 12.Bd3 h6 13.Be3 Nd7 14.Ne2 Bb7 15.g4 Bxh4
16.f4 Be7 17.g5 Qc7 18.Nd4 Nc5 19.g6 fxg6 20.Qg2 Bf6 21.Bxb5+ axb5 22.Nxb5 Qb6
23.Nxd6+ Kf8 24.Bxc5 Qxb2+ 25.Kd2 Qc3+ 26.Ke2 Ba6+ 27.Kf2 Qxc5+ {#R} 0-1

[Event "PRO League Group Stage"]
[Site "masterchessopen.com chess.com INT"]
[Date "2017.02.22"]
[Round "7"]
[White "Kleijn,C"]
[Black "Degraeve,Remy"]
[Result "1-0"]
[WhiteElo "2437"]
[BlackElo "2019"]

1.e4 e5 2.Nf3 Nc6 3.Bb5 Bc5 4.O-O Nd4 5.Nxd4 Bxd4 6.c3 Bb6 7.Na3 c6 8.Ba4 Nf6
9.d4 O-O 10.dxe5 Nxe4 11.Nc4 Nxf2 12.Qe2 Nd3+ 13.Kh1 Nxc1 14.Raxc1 Qg5 15.Nxb6
axb6 16.Bb3 Ra5 17.Rxf7 Rxe5 18.Qf1 h5 19.Rxf8+ Kh7 20.Bc2+ {#r} 1-0

[Event "PRO League Group Stage"]
[Site "masterchessopen.com chess.com INT"]
[Date "2017.02.22"]
[Round "7"]
[White "Katz,Alexander R"]
[Black "Dominguez Perez,L"]
[Result "0-1"]
[WhiteElo "2335"]
[BlackElo "2739"]

1.e4 c5 2.Nc3 d6 3.g3 Nc6 4.Bg2 g6 5.d3 Bg7 6.Be3 Nf6 7.h3 O-O 8.Qd2 Rb8
9.Nge2 b5 10.O-O Nd7 11.Bh6 Bxh6 12.Qxh6 b4 13.Nd5 Nd4 14.Qd2 Nxe2+ 15.Qxe2
Nb6 16.Ne3 Na4 17.Rab1 Be6 18.f4 Nb6 19.f5 Bxa2 20.Ra1 b3 21.c3 a5 22.Ng4 Nd7
23.h4 a4 24.h5 Nf6 25.hxg6 hxg6 26.fxg6 fxg6 27.e5 dxe5 28.Nxe5 Qd6 29.Nxg6
Rf7 30.Qe3 a3 31.Qg5 Rg7 32.Rxf6 Qxf6 33.Bd5+ Rf7 34.Nxe7+ Kf8 35.Ng6+ Kg7
{#R} 0-1

[Event "PRO League Group Stage"]
[Site "masterchessopen.com chess.com INT"]
[Date "2017.02.22"]
[Round "7"]
[White "Zwirs,Nico"]
[Black "Ghasi,A"]
[Result "0-1"]
[WhiteElo "2395"]
[BlackElo "2455"]

1.e4 g6 2.d4 d6 3.Nc3 Bg7 4.f4 e6 5.Nf3 Ne7 6.Bd3 Nd7 7.Be3 b6 8.O-O O-O 9.Qd2
c5 10.Nb5 d5 11.e5 Ba6 12.Nd6 Bxd3 13.cxd3 Nc8 14.Nb5 a6 15.Nc3 Ne7 16.g4 f6
17.Rae1 fxe5 18.fxe5 Nc6 19.Bg5 Qc7 20.dxc5 bxc5 21.Bh6 Ndxe5 22.Nxe5 Rxf1+
23.Rxf1 Bxe5 24.Kh1 Bg7 25.Bxg7 Qxg7 26.Qe3 Nd4 27.Ne2 Re8 28.Nf4 Qf7 29.Kg2
Rf8 30.Rf2 Qd7 31.b4 e5 32.Qxe5 Qxg4+ 33.Kf1 Qd1+ 34.Kg2 Qg4+ 35.Kf1 Rf5
36.Qe8+ Kg7 37.bxc5 Nf3 38.Qe7+ Kh6 39.Ng2 Nxh2+ 40.Kg1 Nf3+ 41.Kf1 Qg3
42.Qe3+ Kg7 43.Ke2 Re5 {#R} 0-1

[Event "PRO League Group Stage"]
[Site "masterchessopen.com chess.com INT"]
[Date "2017.02.22"]
[Round "7"]
[White "Kolosovsky,A"]
[Black "Klaver,C"]
[Result "0-1"]
[WhiteElo "2074"]
[BlackElo "2117"]

1.e4 c6 2.d4 d5 3.exd5 cxd5 4.c4 Nf6 5.Nc3 g6 6.Nf3 Bg7 7.c5 O-O 8.Bb5 a6
9.Ba4 Nc6 10.Bxc6 bxc6 11.Ne5 Qc7 12.O-O Nh5 13.Re1 f6 14.Ng4 e5 15.dxe5 fxe5
16.Nxd5 cxd5 17.Qxd5+ Kh8 18.Qxa8 Bxg4 19.Qxa6 Qxc5 20.Be3 Qc2 21.f3 Bc8
22.Qe2 Qa4 23.b3 Qa8 24.Bc5 Re8 25.Rad1 Nf4 26.Qd2 Bf5 27.Re3 h5 28.b4 h4
29.h3 Qa6 30.a3 Kh7 31.Qd6 Qc4 32.a4 Qa2 33.Rd2 Qxa4 34.Kh2 Qb5 35.Re1 Nh5
36.Rde2 Ng3 37.Rxe5 Rxe5 38.Rxe5 Qf1 39.Bg1 Ne2 40.Be3 Ng3 41.Bg1 Bxe5 42.Qxe5
Qe2 43.Qc7+ Kh6 44.Qf4+ g5 45.Qd6+ Qe6 46.Qf8+ Kh7 47.Bd4 Nh5 48.Qh8+ Kg6
49.Qf8 Qd6+ 50.Kh1 Qxf8 {#R} 0-1

[Event "PRO League Group Stage"]
[Site "masterchessopen.com chess.com INT"]
[Date "2017.02.22"]
[Round "7"]
[White "Amin,B"]
[Black "Katz,Alexander R"]
[Result "1-0"]
[WhiteElo "2666"]
[BlackElo "2335"]

1.e4 d6 2.d4 Nf6 3.Nc3 g6 4.Bg5 Bg7 5.Qd2 h6 6.Bf4 g5 7.Bg3 Nh5 8.O-O-O Nc6
9.Bb5 Bd7 10.Nge2 e6 11.Kb1 a6 12.Bxc6 Bxc6 13.f4 Nxg3 14.hxg3 Qf6 15.Rhf1 g4
16.f5 e5 17.dxe5 Qxe5 18.f6 Bxf6 19.Rf5 Qe7 20.Nf4 Bg5 21.Qd4 O-O-O 22.Ncd5
Bxd5 23.Nxd5 Qe6 24.Qc4 c6 25.Rxf7 Kb8 26.Rxb7+ Kxb7 27.Qb3+ Kc8 28.Nb6+ Kc7
29.Qxe6 Kxb6 30.Rxd6 Rxd6 31.Qxd6 Rd8 32.Qb4+ Kc7 33.a4 Rd1+ 34.Ka2 Rd2 35.Qc5
Rxg2 36.a5 Bd2 37.e5 Re2 38.Qd6+ Kb7 39.Qd7+ Kb8 40.Qd8+ {#r} 1-0

[Event "PRO League Group Stage"]
[Site "masterchessopen.com chess.com INT"]
[Date "2017.02.22"]
[Round "7"]
[White "Dragun,K"]
[Black "Boros,De"]
[Result "0-1"]
[WhiteElo "2614"]
[BlackElo "2444"]

1.e4 d5 2.exd5 Qxd5 3.Nc3 Qa5 4.d4 Nf6 5.Bd2 c6 6.Bc4 Bf5 7.Nd5 Qd8 8.Nxf6+
gxf6 9.Ne2 Nd7 10.Ng3 Bg6 11.h4 h6 12.h5 Bh7 13.Qe2 Nb6 14.Bb3 a5 15.a4 e6
16.Rd1 Qc7 17.c4 Bb4 18.O-O Bxd2 19.Qxd2 Nd7 20.d5 O-O-O 21.dxc6 Nc5 22.cxb7+
Qxb7 23.Qxh6 Bd3 24.Qe3 Qb4 25.Ba2 Bxf1 26.Rxf1 f5 27.Bb1 Nb3 28.c5 f4 29.Qf3
fxg3 30.Qc6+ Kb8 31.Be4 gxf2+ {#R} 0-1

[Event "PRO League Group Stage"]
[Site "masterchessopen.com chess.com INT"]
[Date "2017.02.22"]
[Round "7"]
[White "Dragun,K"]
[Black "Nyzhnyk,I"]
[Result "0-1"]
[WhiteElo "2614"]
[BlackElo "2616"]

1.e4 e6 2.d4 d5 3.Nc3 Nf6 4.e5 Nfd7 5.f4 c5 6.Nf3 Nc6 7.Be3 a6 8.Qd2 b5 9.dxc5
Bxc5 10.Ne2 Qb6 11.Bxc5 Nxc5 12.Ned4 Bd7 13.O-O-O b4 14.Qe3 O-O 15.Bd3 Nxd4
16.Nxd4 Rfc8 17.Kb1 Bb5 18.f5 Bxd3 19.cxd3 Na4 20.Ka1 b3 21.a3 Rc2 22.Rb1 Qc5
23.Nxc2 bxc2 24.Rbe1 d4 25.Qd2 Nxb2 26.Kxb2 Rb8+ 27.Ka2 Qd5+ 28.Ka1 Qb3 29.Qc1
Qc3+ 30.Ka2 Qxd3 31.fxe6 fxe6 32.Rhf1 Qb3+ 33.Ka1 Qc3+ 34.Ka2 d3 {#R} 0-1